[Event "Muensterland Verbandsklasse 1819"]
[Site "Germany"]
[Date "2018.12.08"]
[Round "4.4"]
[White "Junk, Andreas"]
[Black "Wolf, Sergej"]
[Result "1-0"]
[WhiteElo "1748"]
[BlackElo "1734"]
[PlyCount "135"]
[EventDate "2018.09.15"]
[EventType "team-tourn"]
[EventRounds "9"]
[EventCountry "GER"]
[SourceTitle "EXT 2020"]
[Source "ChessBase"]
[SourceDate "2019.10.17"]
[SourceVersion "1"]
[SourceVersionDate "2019.10.17"]
[SourceQuality "1"]
[WhiteTeam "Hiltrup"]
[BlackTeam "Ibbenbueren"]
[WhiteTeamCountry "GER"]
[BlackTeamCountry "GER"]

1. e4 c5 2. Nc3 d6 3. f4 e6 4. Nf3 Nc6 5. Bb5 a6 6. Bxc6+ bxc6 7. d3 Nf6 8. 0-0 Be7 9. Qe1 0-0 10. b3 d5 11. e5 Ne8 12. Na4 d4 13. Ba3 Nc7 14. Bxc5 Bxc5 15. Nxc5 Qd5 16. Ne4 Ne8 17. Qb4 f5 18. Nc5 Nc7 19. Qxd4 Rd8 20. Qxd5 Rxd5 21. Na4 Rb8 22. Rad1 a5 23. Rf2 h6 24. Rfd2 Na6 25. c4 Rd7 26. d4 Rb4 27. Nc5 Rd8 28. Kf2 Kf7 29. Rd3 Ke7 30. R3d2 Rg8 31. h4 Rd8 32. g3 Rb8 33. Na4 Nb4 34. Ke3 Bd7 35. Nc5 Bc8 36. Ne1 Na6 37. Ned3 Nb4 38. Na4 Na6 39. Ndc5 Nb4 40. Nc3 Na6 41. Nxa6 Bxa6 42. d5 cxd5 43. cxd5 Rdc8 44. d6+ Kd7 45. Na4 Bb5 46. Rd4 Rc2 47. R1d2 Rc1 48. Kf2 Rf1+ 49. Kg2 Rc1 50. Nb2 Rbc8 51. Nc4 Bxc4 52. Rxc4 R8xc4 53. bxc4 Rxc4 54. Rb2 Ra4 55. Rc2 g6 56. h5 gxh5 57. Kh3 Ra3 58. Kh4 a4 59. Rg2 Rc3 60. Rb2 Kc8 61. Rb4 Ra3 62. Rc4+ Kd8 63. Kxh5 Rxa2 64. Kg6 Ra3 65. Kf6 Rxg3 66. Rxa4 h5 67. Kxe6 Rg6+ 68. Kxf5 1-0

[Event "Steinfurt Bezirksliga 1718"]
[Site "Germany"]
[Date "2017.11.11"]
[Round "2.3"]
[White "Hoppe, Nico"]
[Black "Wolf, Sergej"]
[Result "0-1"]
[WhiteElo "1484"]
[BlackElo "1737"]
[PlyCount "72"]
[EventDate "2017.09.23"]
[EventType "team-tourn"]
[EventRounds "7"]
[EventCountry "GER"]
[SourceTitle "EXT 2019"]
[Source "ChessBase"]
[SourceDate "2018.10.10"]
[SourceVersion "1"]
[SourceVersionDate "2018.10.10"]
[SourceQuality "1"]
[WhiteTeam "Emsdetten Rochade V"]
[BlackTeam "Ibbenbueren"]
[WhiteTeamCountry "GER"]
[BlackTeamCountry "GER"]

1. e4 c5 2. Nf3 d6 3. d4 cxd4 4. Nxd4 Nf6 5. Nc3 e5 6. Nb3 a6 7. Bg5 Be7 8. Qd2 Be6 9. h4 Nbd7 10. f3 h6 11. Be3 Nh5 12. Qf2 Qc7 13. Bd3 Nf4 14. 0-0-0 b5 15. Bxf4 exf4 16. Nd5 Bxd5 17. exd5 Ne5 18. Rhe1 0-0 19. h5 Rac8 20. Re2 Bf6 21. Bf5 Nc4 22. Nd4 Rce8 23. b3 Ne3 24. Rd3 Qc5 25. Red2 Qa3+ 26. Kb1 Nxf5 27. c3 Nxd4 28. cxd4 Rc8 29. Rc2 Rxc2 30. Qxc2 Re8 31. Rd1 a5 32. Qc6 Re2 33. Qc8+ Kh7 34. Qf5+ g6 35. hxg6+ fxg6 36. Qd7+ Bg7 0-1